[Event "Challenge"]
[Site "http://www.queenalice.com/game.php?id=683236"]
[Date "2009.11.14"]
[Round "-"]
[White "thedead"]
[Black "jamurtag"]
[Result "0-1"]
[WhiteElo "1143"]
[BlackElo "1760"]

1. e4 e5 2. Nf3 Nc6 3. d3 Nd4 4. Nxe5 d6 5. Nc4 b5 6. Ne3 c6 7. c3 Ne6 8. g3 Nf6
9. Bg2 Bb7 10. Nd2 Qb6 11. b4 g6 12. a3 Bh6 0-1

[Event "AUTO-ADV-1622"]
[Site "http://www.queenalice.com/game.php?id=718422"]
[Date "2010.1.22"]
[Round "1"]
[White "Artking"]
[Black "jamurtag"]
[Result "1-0"]
[WhiteElo "1944"]
[BlackElo "1787"]

1. e4 e5 2. Nf3 d6 3. Bc4 Be7 4. c3 c6 5. d3 Nf6 6. a4 d5 7. exd5 cxd5 8. Bb3
Bc5 9. Nxe5 Qe7 10. d4 Ne4 11. Bxd5 O-O 12. Bxe4 Nc6 13. Qe2 Bd6 14. Bf4 f6 15.
Nxc6 Qc7 16. Bxd6 Qxd6 17. Ne7+ Kf7 18. Bd5+ Be6 19. Bxe6+ Kxe7 20. Bb3+ Kd7 21.
Qg4+ Kc6 22. O-O g6 23. Nd2 f5 24. Qh3 h5 25. Nc4 Qf6 26. Qg3 f4 27. Qf3+ Kc7
28. Ne5 Rad8 29. a5 a6 30. Rfd1 h4 31. Bd5 Rb8 32. Qd3 Rbc8 33. Qc4+ Kd8 34. Qb3
b5 35. axb6 Qd6 36. Rxa6 Ke7 37. Ra7+ Kf6 38. Qc2 Kg5 39. Qe2 Qxd5 40. Qg4+ 1-0

[Event "AUTO-ADV-1622"]
[Site "http://www.queenalice.com/game.php?id=718423"]
[Date "2010.1.22"]
[Round "1"]
[White "jamurtag"]
[Black "Artking"]
[Result "1/2-1/2"]
[WhiteElo "1777"]
[BlackElo "1880"]

1. e4 c5 2. c4 Nc6 3. d3 d6 4. a3 Nf6 5. Nf3 g6 6. Be2 Bg7 7. Nc3 e6 8. Bg5 a6
9. b4 b6 10. Qa4 Bd7 11. O-O h6 12. bxc5 bxc5 13. Be3 Ng4 14. Rfc1 Nxe3 15. fxe3
Nd4 16. Qd1 Qa5 17. Rab1 Nxe2+ 18. Nxe2 O-O 19. d4 cxd4 20. exd4 Rab8 21. e5
dxe5 22. dxe5 Qxa3 23. Qxd7 Rbd8 24. Qa7 Ra8 25. Qd4 Rad8 26. Qc3 Qc5+ 27. Kh1
Rd7 28. Rd1 Rfd8 29. Rxd7 Rxd7 30. Rb8+ Kh7 31. Ned4 Bxe5 32. Ng5+ Kg7 33. Ne4
Qxd4 34. Qxd4 Rxd4 35. Nf2 Rxc4 36. g3 a5 37. Rb5 Bd4 38. Ne4 Rc1+ 39. Kg2 g5
40. Rxa5 f5 41. Nd6 Rg1+ 42. Kh3 g4+ 43. Kh4 Rg2 44. Nxf5+ exf5 45. Rxf5 Kg6 46.
Kxg4 Rxh2 47. Rd5 h5+ 48. Kf4 Rf2+ 49. Ke4 Re2+ 50. Kf4 Bf6 51. Rd6 Re5 52. Kf3
Kg5 53. Rd3 Rf5+ 54. Kg2 Kg4 55. Ra3 Bd4 56. Ra2 Rf3 57. Kh2 Rxg3 58. Rg2 Rxg2+
59. Kxg2 Kh4 60. Kh1 Kg4 61. Kg2 h4 62. Kh1 Kg3 1/2-1/2

[Event "AUTO-ADV-1622"]
[Site "http://www.queenalice.com/game.php?id=718438"]
[Date "2010.1.22"]
[Round "1"]
[White "Pcchess"]
[Black "jamurtag"]
[Result "1-0"]
[WhiteElo "1938"]
[BlackElo "1767"]

1. e4 e5 2. Nf3 Nc6 3. Bc4 d6 4. d4 Bg4 5. c3 Qf6 6. d5 Na5 7. Qa4+ Bd7 8. Qxa5
b6 9. Qa6 Qg6 10. g3 Qxe4+ 11. Be2 Qxd5 12. O-O Bc8 13. Qa4+ c6 14. Rd1 b5 15.
Qa5 Qe4 16. Be3 h6 17. Nbd2 Qc2 18. c4 b4 19. Qc7 Bd7 20. b3 c5 21. Ne1 Qg6 22.
Nd3 Be7 23. Bxc5 dxc5 24. Nxe5 Qd6 25. Qxd7+ Qxd7 26. Nxd7 Kxd7 27. Ne4+ Kc7 28.
Bg4 Nf6 29. Nxf6 Bxf6 30. Rd7+ Kb6 31. Rad1 Bd4 32. Re1 Rhf8 33. Ree7 Bf6 34.
Rxf7 a6 35. Rb7+ Kc6 36. Bf3+ Kd6 37. Rbd7+ Ke6 38. Bd5+ Ke5 39. Bxa8 Rxa8 40.
Rc7 Ke6 41. Rfd7 a5 42. Rd3 Bd4 43. Kg2 a4 44. h4 axb3 45. axb3 Ra2 46. Rf3 Rb2
47. g4 Bc3 48. Rxc5 Rxb3 49. g5 Rb2 50. gxh6 gxh6 51. Rc6+ Ke5 52. Rxh6 Kd4 53.
Rf4+ Kd3 54. c5 Kc2 55. Rb6 b3 56. c6 Ra2 57. c7 Ra8 58. Rb8 Rxb8 59. cxb8=Q b2
60. Rc4 Kd3 61. Qb3 b1=Q 62. Rxc3+ Kd2 63. Qxb1 Kxc3 64. Kf3 Kd4 65. Qb5 Kc3 66.
Ke3 Kc2 67. Qd3+ Kc1 68. Qe2 Kb1 69. Kd3 Ka1 70. Kc3 Kb1 71. Qb2# 1-0

[Event "AUTO-ADV-1622"]
[Site "http://www.queenalice.com/game.php?id=718439"]
[Date "2010.1.22"]
[Round "1"]
[White "jamurtag"]
[Black "Pcchess"]
[Result "0-1"]
[WhiteElo "1765"]
[BlackElo "2080"]

1. c4 Nf6 2. Nc3 g6 3. d3 Bg7 4. e4 d6 5. Nf3 O-O 6. Be2 e5 7. O-O Nc6 8. Bd2
Bg4 9. Bg5 h6 10. Bxf6 Bxf6 11. Qd2 Kh7 12. Nd5 Bg7 13. b4 Bxf3 14. Bxf3 Nd4 15.
Bd1 f5 16. exf5 Rxf5 17. Rb1 c6 18. Ne3 Rf7 19. a3 Qh4 20. g3 Qg5 21. Qa2 Raf8
22. h4 Qe7 23. h5 g5 24. Ng4 Qe6 25. a4 Nf3+ 26. Bxf3 Rxf3 27. Ne3 e4 28. dxe4
Qxe4 29. Rbe1 Bd4 30. Nd1 Rxg3+ 0-1

[Event "AUTO-ADV-1622"]
[Site "http://www.queenalice.com/game.php?id=718448"]
[Date "2010.1.22"]
[Round "1"]
[White "sandromm"]
[Black "jamurtag"]
[Result "0-1"]
[WhiteElo "1758"]
[BlackElo "1743"]

1. e4 e5 2. Nf3 d6 3. Bc4 Qf6 4. O-O Nc6 5. d3 Be7 6. Bg5 Qg6 7. Bxe7 Ngxe7 8.
Nbd2 Bh3 9. g3 Bxf1 10. Kxf1 f5 11. Nh4 Qf6 12. Nxf5 Rf8 13. Nxe7 Qxf2# 0-1

[Event "AUTO-ADV-1622"]
[Site "http://www.queenalice.com/game.php?id=718449"]
[Date "2010.1.22"]
[Round "1"]
[White "jamurtag"]
[Black "sandromm"]
[Result "1-0"]
[WhiteElo "1774"]
[BlackElo "1702"]

1. e4 c5 2. c4 d6 3. Nc3 e5 4. Nf3 Bg4 5. Qa4+ Nc6 6. Qb5 Rb8 7. Be2 Nf6 8. d3
Be7 9. Bg5 O-O 10. a3 Bxf3 11. Bxf3 Nd4 12. Qa4 a6 13. O-O Nxf3+ 14. gxf3 Nh5
15. Bd2 Nf4 16. Bxf4 exf4 17. Rfe1 Bf6 18. Qc2 Bd4 19. Kh1 Qh4 20. Rg1 Rbe8 21.
Raf1 Qh3 22. Nd5 Qxf3+ 23. Rg2 Re5 24. Rg1 Rg5 25. Qd1 Qxd1 26. Rxd1 Rxg2 27.
Kxg2 Bxb2 28. a4 Be5 29. Rb1 Rb8 30. Nb6 g5 31. h3 h5 32. Nd7 Rd8 33. Rxb7 a5
34. f3 Bd4 35. Nb8 Kg7 36. Rb5 Bc3 37. Nc6 Rd7 38. Nxa5 Ra7 39. Nb7 Rxa4 40.
Nxd6 Ra2+ 41. Kf1 Bd4 42. Nf5+ Kg6 43. Nxd4 cxd4 44. Rb6+ f6 45. e5 Kf7 46.
Rxf6+ Ke7 47. Rd6 Ra5 48. Rxd4 g4 49. fxg4 hxg4 50. hxg4 Ke6 51. Rxf4 Ra1+ 52.
Ke2 Ra2+ 53. Ke3 Kxe5 54. d4+ Kd6 55. c5+ Kc6 56. g5 Ra3+ 57. Ke4 Ra4 58. g6 Ra7
59. Rf7 Ra8 60. Rf6+ Kc7 61. d5 Re8+ 62. Kf5 1-0

[Event "Challenge"]
[Site "http://www.queenalice.com/game.php?id=720409"]
[Date "2010.1.26"]
[Round "-"]
[White "ORNELAS"]
[Black "jamurtag"]
[Result "0-1"]
[WhiteElo "1664"]
[BlackElo "1762"]

1. e4 e5 2. d3 d6 3. Nf3 f6 4. Nh4 g6 5. g3 Be7 6. Qf3 Nc6 7. c3 f5 8. exf5 Bxh4
9. fxg6 hxg6 10. Bg2 Bf6 11. Be3 Bf5 12. O-O Bxd3 13. Re1 d5 14. Qg4 Nh6 15.
Qe6+ Kf8 16. Bxh6+ Rxh6 17. Qg4 Bf5 18. Qa4 Qd7 19. Qb5 Be4 20. Nd2 Bxg2 21.
Qc5+ Be7 22. Qe3 Rxh2 23. f4 Qh3 24. Kf2 Bh1+ 25. Kg1 Qg2# 0-1

[Event "Challenge"]
[Site "http://www.queenalice.com/game.php?id=722896"]
[Date "2010.1.30"]
[Round "-"]
[White "babycrocket"]
[Black "jamurtag"]
[Result "1-0"]
[WhiteElo "1791"]
[BlackElo "1781"]

1. e4 e5 2. Nf3 Qe7 3. d3 f5 4. Nc3 f4 5. Bd2 c6 6. a3 d6 7. h3 Be6 8. Qe2 b5 9.
b4 g6 10. Nd1 Bg7 11. Bc3 Nd7 12. Qd2 d5 13. exd5 Bxd5 14. Be2 e4 15. dxe4 Bxe4
16. O-O h6 17. Re1 O-O-O 18. Bd3 Ndf6 19. Rb1 c5 20. Qxf4 g5 21. Qc1 cxb4 22.
Rxb4 a6 23. Bxe4 Nxe4 24. Rbxe4 Qb7 25. Bxg7 Qxg7 26. c4 Qc7 27. Nb2 Nf6 28. Re7
Rd7 29. cxb5 Rxe7 30. Qxc7+ Rxc7 31. Re6 Rc1+ 32. Kh2 Rf8 33. Rxa6 Kb7 34. a4
Ne4 35. Rxh6 g4 36. hxg4 Nxf2 37. Kg3 Rc2 38. Rh7+ Kb8 39. Ne5 Ne4+ 40. Kh4 Nf6
41. Nc6+ Kc8 42. Ra7 Rh8+ 43. Kg5 Ne4+ 44. Kf5 Nd6+ 45. Ke5 Rh6 46. Nd3 Rxg2 47.
Nc5 Rxg4 48. Nd7 Nf7+ 49. Kf5 Rg5+ 50. Kf4 Rh4+ 51. Kf3 Rh3+ 52. Kf4 Rh4+ 53.
Kf3 Rf5+ 54. Kg3 Rh6 55. Nb6# 1-0

[Event "Challenge"]
[Site "http://www.queenalice.com/game.php?id=732841"]
[Date "2010.2.16"]
[Round "-"]
[White "filipewao"]
[Black "jamurtag"]
[Result "0-1"]
[WhiteElo "1609"]
[BlackElo "1757"]

1. e4 e5 2. Nf3 d6 3. Bc4 Be7 4. d3 h6 5. d4 Bd7 6. dxe5 Bg4 7. exd6 Bxd6 8. O-O
Qe7 9. Qd5 c6 10. Qd4 Bxf3 11. g3 Nf6 12. Nc3 Bc5 13. Qd3 Bxe4 14. Nxe4 Nxe4 15.
Be3 Nd7 16. Rfe1 O-O-O 17. a3 Ne5 18. Qxe4 Rhe8 19. b4 Bxb4 20. axb4 a6 21. c3
Qf6 22. f4 Ng4 23. Qf3 h5 24. Bxa6 Qxc3 25. Rac1 Rxe3 26. Rxc3 Rxf3 27. Rxf3
bxa6 28. h3 Nf6 29. f5 Nd5 30. Ra3 Nxb4 31. Rf1 Rd3 32. Rxd3 Nxd3 33. f6 g6 34.
Rf3 Ne5 35. Re3 Nd7 36. Re7 Nxf6 37. Rxf7 Ne4 38. Kg2 g5 39. Kf3 Nd2+ 40. Ke2
Nb3 41. Rg7 Nd4+ 42. Kf2 g4 43. h4 a5 44. Rh7 c5 45. Rxh5 Ne6 46. Ke3 a4 47. Rh6
Kd7 48. Rh7+ Kc6 49. Ke4 Kb5 50. Kf5 Nd4+ 51. Kxg4 a3 52. Ra7 Kb4 53. h5 Nb5 54.
Rxa3 Kxa3 55. h6 Nd6 56. Kf3 c4 57. Ke3 c3 58. h7 Nf7 59. Kf4 c2 60. Kf5 c1=Q
61. Kg6 Qc7 62. g4 Nh8+ 63. Kh6 Qf7 64. Kg5 Qxh7 65. Kf4 Qh4 66. Kf5 Nf7 67. Kf4
Qg5+ 68. Kg3 Ne5 69. Kf2 Qxg4 70. Ke3 Qf3+ 71. Kd4 Nd3 72. Kc4 Qe4+ 73. Kc3 Nb2
74. Kd2 Kb3 75. Kc1 Qc2# 0-1

[Event "Challenge"]
[Site "http://www.queenalice.com/game.php?id=738754"]
[Date "2010.2.28"]
[Round "-"]
[White "snebur1956"]
[Black "jamurtag"]
[Result "1-0"]
[WhiteElo "2042"]
[BlackElo "1762"]

1. e4 e5 2. Nf3 Nc6 3. Bb5 Nf6 4. O-O a6 5. Bxc6 bxc6 6. Nxe5 Bd6 7. Nf3 Nxe4 8.
Re1 O-O 9. Rxe4 Bb7 10. d4 c5 11. d5 Qf6 12. c4 c6 13. Nc3 cxd5 14. Nxd5 Qd8 15.
Qd3 h6 16. Bxh6 gxh6 17. Rg4+ Kh8 18. Qe3 Kh7 19. Rh4 Qxh4 20. Nxh4 Bxd5 21.
Qd3+ Kh8 22. Qxd5 Bc7 23. Qxc5 Rac8 24. Qd4+ Kg8 25. Nf5 f6 26. Qxd7 Rf7 27.
Qxc8+ Kh7 28. Qe8 Kg6 29. Ne7+ 1-0

[Event "THE REMATCH. GOOD LUCK !"]
[Site "http://www.queenalice.com/game.php?id=805701"]
[Date "2010.7.19"]
[Round "-"]
[White "jamurtag"]
[Black "filipewao"]
[Result "1-0"]
[WhiteElo "1744"]
[BlackElo "1622"]

1. e4 e5 2. Bc4 Nc6 3. Nf3 h6 4. b3 Nf6 5. Nc3 a6 6. Bb2 Bb4 7. a3 Bxc3 8. Bxc3
d6 9. Qe2 Bg4 10. h3 Be6 11. Bxe6 fxe6 12. O-O Qe7 13. Nh4 Qf7 14. f4 O-O-O 15.
f5 Rhg8 16. Qc4 Qh5 17. Qxe6+ Kb8 18. Ng6 Rge8 19. Qf7 Nxe4 20. Qxg7 Qg5 21.
Rae1 d5 22. f6 Rg8 23. Nxe5 Rxg7 24. fxg7 Qxg7 25. Nxc6+ bxc6 26. Bxg7 Nxd2 27.
Rf7 Kb7 28. Ree7 Rc8 29. Bxh6 Nb1 30. a4 Kb6 31. Be3+ Kb7 32. a5 Nc3 33. Bb6 Nb5
34. c4 Nd6 35. Rh7 c5 36. Bxc7 Kc6 37. cxd5+ Kxd5 38. Rd7 Re8 39. Rxd6+ Ke4 40.
Rh4+ Ke3 41. Rxa6 Kd3 42. Rc6 Re1+ 43. Kh2 1-0

[Event "Challenge"]
[Site "http://www.queenalice.com/game.php?id=864860"]
[Date "2010.11.28"]
[Round "-"]
[White "craig"]
[Black "jamurtag"]
[Result "1-0"]
[WhiteElo "1566"]
[BlackElo "1763"]

1. e4 e5 2. d3 d6 3. Nc3 Nf6 4. Nf3 Be7 5. Be2 Nc6 6. O-O Nd4 7. Nxd4 exd4 8.
Nb5 d5 9. Nxd4 dxe4 10. dxe4 Nxe4 11. Bf3 Bc5 12. c3 f5 13. Qa4+ c6 14. Rd1 Nxf2
15. Kxf2 Qh4+ 16. Kg1 O-O 17. Qc4+ Kh8 18. Qxc5 Re8 19. Bd2 g6 20. Qc4 f4 21.
Qf7 Bg4 22. Bxf4 Re7 23. Bg3 Rxf7 24. Bxh4 h5 25. Rf1 Kh7 26. h3 Bd7 27. Rad1
Rc8 28. Nb3 b6 29. Nd2 c5 30. Ne4 Rcf8 31. Ng5+ Kh6 32. Nxf7+ Rxf7 33. Be4 Rxf1+
34. Kxf1 Bf5 35. Bxf5 gxf5 36. Rd6+ Kg7 37. Rf6 c4 38. Rxf5 Kg6 39. Rd5 Kh6 40.
Bg3 Kg6 41. Bb8 a5 42. Bc7 a4 43. Bxb6 h4 44. Bd8 a3 45. bxa3 Kf7 46. a4 Ke6 47.
Rd4 Ke5 48. a5 Ke6 49. a6 Ke5 50. a7 Kf5 51. a8=Q Ke6 52. Qd5# 1-0

[Event "Challenge"]
[Site "http://www.queenalice.com/game.php?id=864861"]
[Date "2010.11.28"]
[Round "-"]
[White "jamurtag"]
[Black "craig"]
[Result "1-0"]
[WhiteElo "1755"]
[BlackElo "1549"]

1. e4 e5 2. d4 exd4 3. Qxd4 c5 4. Qa4 Nc6 5. Be3 b6 6. Bb5 Bb7 7. c3 a6 8. Bxc6
Bxc6 9. Qc2 Nf6 10. f3 Be7 11. Ne2 O-O 12. Nd2 Bb5 13. c4 Bc6 14. e5 Nh5 15.
O-O-O Qc7 16. g4 Qxe5 17. gxh5 Qxe3 18. Ng3 Bg5 19. Rde1 Qxf3 20. Rhg1 b5 21.
Nf5 h6 22. Rxg5 hxg5 23. Nxf3 Bxf3 24. Qc3 f6 25. Qxf3 bxc4 26. Ne7+ Kh7 27.
Qf5+ g6 28. Qxg6+ Kh8 29. Qh6# 1-0

[Event "Challenge"]
[Site "http://www.queenalice.com/game.php?id=901563"]
[Date "2011.2.16"]
[Round "-"]
[White "WILSONCSQ"]
[Black "jamurtag"]
[Result "1-0"]
[WhiteElo "1699"]
[BlackElo "1749"]

1. e4 e5 2. Nf3 Nf6 3. Nc3 Bb4 4. d3 d5 5. Bd2 dxe4 6. dxe4 Bg4 7. a3 Bxc3 8.
bxc3 Nxe4 9. Bd3 Nd6 10. Qe2 Nd7 11. h3 Bxf3 12. Qxf3 e4 13. Bxe4 Qe7 14. O-O
Nxe4 15. Rae1 Ndc5 16. Be3 f5 17. Qxf5 Nd7 18. Bg5 Ndf6 19. Bxf6 Qxf6 20. Rxe4+
Kf8 21. Qc5+ Qd6 22. Rf4+ Ke8 23. Qe3+ Kd7 24. Rf7+ Kc8 25. Qe2 Qg6 26. Qe7 Qd6
27. Qg5 g6 28. Qg4+ Kb8 29. Rd1 Qxa3 30. Qg5 a6 31. Rd8+ Rxd8 32. Qxd8+ Ka7 33.
Qxc7 Rb8 34. Rxh7 g5 35. c4 Qc1+ 36. Kh2 Qxc2 37. Rg7 Qxf2 38. Rxg5 Rc8 39. Qxc8
Qf4+ 40. Rg3 a5 41. c5 a4 42. Qd8 Qb4 43. Qc7 a3 44. c6 Ka6 45. cxb7 Qxb7 46.
Rxa3+ 1-0

[Event "Challenge"]
[Site "http://www.queenalice.com/game.php?id=918889"]
[Date "2011.3.29"]
[Round "-"]
[White "craig"]
[Black "jamurtag"]
[Result "0-1"]
[WhiteElo "1667"]
[BlackElo "1746"]

1. e4 e5 2. Nf3 Nc6 3. d3 Bb4+ 4. c3 Bc5 5. d4 exd4 6. cxd4 Bb4+ 7. Bd2 Qe7 8.
a3 Qxe4+ 9. Be2 Be7 10. O-O Nxd4 11. Nxd4 Qxd4 12. Bc3 Qxd1 13. Rxd1 Nf6 14. Nd2
d5 15. Bf3 c6 16. h3 O-O 17. Re1 Be6 18. h4 a5 19. h5 h6 20. Rab1 Bc5 21. b4
axb4 22. Bxb4 Bxb4 23. axb4 Ra2 24. Nb3 b6 25. Nd4 Bd7 26. Re7 Rc8 27. g4 Bxg4
28. Bxg4 Nxg4 29. Rf1 Rb2 30. b5 cxb5 31. Kg2 Nf6 32. Re5 Rc4 33. Nf3 b4 34. Re7
Nxh5 35. Re8+ Kh7 36. Rfe1 Rcc2 37. Rf1 Nf4+ 38. Kg3 g5 39. Ne5 f5 40. Re7+ Kg8
41. Nd7 h5 42. Re8+ Kf7 43. Re5 Kg6 44. Nxb6 d4 45. Na4 h4+ 46. Kh2 Rxf2+ 47.
Rxf2 Rxf2+ 48. Kg1 Rg2+ 49. Kf1 d3 50. Ke1 h3 51. Rb5 h2 52. Rb6+ Kh5 53. Rxb4
h1=Q# 0-1

[Event "Challenge"]
[Site "http://www.queenalice.com/game.php?id=918890"]
[Date "2011.3.29"]
[Round "-"]
[White "jamurtag"]
[Black "craig"]
[Result "1-0"]
[WhiteElo "1739"]
[BlackElo "1596"]

1. d4 d5 2. e3 e6 3. Nf3 Nc6 4. Bb5 Bd7 5. Bxc6 Bxc6 6. Qe2 Nh6 7. c4 dxc4 8.
Nc3 b5 9. a3 Bd6 10. b4 O-O 11. e4 f6 12. Bxh6 gxh6 13. d5 exd5 14. Nd4 Bb7 15.
exd5 Re8 16. Ne6 Qd7 17. Nxb5 Bxd5 18. Qg4+ Qg7 19. Qxg7# 1-0

[Event "Challenge"]
[Site "http://www.queenalice.com/game.php?id=935126"]
[Date "2011.5.7"]
[Round "-"]
[White "ORNELAS"]
[Black "jamurtag"]
[Result "0-1"]
[WhiteElo "1706"]
[BlackElo "1731"]

1. e4 e5 2. c3 a6 3. b4 b5 4. d3 Be7 5. Qg4 g6 6. Be3 d5 7. Qf3 d4 8. Bd2 Nc6 9.
g3 dxc3 10. Bxc3 Nd4 11. Qd1 Bg4 12. Qd2 Bf3 13. Ne2 Bxh1 14. Nxd4 exd4 15. Bb2
Bf3 16. Be2 Bxe2 17. Qxe2 Bxb4+ 18. Nd2 Bc3 19. Bxc3 dxc3 20. Nb3 Ne7 21. Qc2 b4
22. Kf1 O-O 23. a3 a5 24. axb4 axb4 25. Rxa8 Qxa8 26. Kg2 Qa4 27. h4 Nc6 28. Nc5
Qxc2 29. Nd7 Rd8 30. Nf6+ Kh8 31. h5 Qxd3 32. hxg6 fxg6 33. Kh3 c2 34. f4 c1=Q
35. Kg4 Qcd1+ 36. Kg5 Qxg3+ 37. Ng4 Qdxg4+ 38. Kf6 Q3xf4# 0-1

[Event "Challenge"]
[Site "http://www.queenalice.com/game.php?id=935540"]
[Date "2011.5.8"]
[Round "-"]
[White "jamurtag"]
[Black "WILSONCSQ"]
[Result "1-0"]
[WhiteElo "1756"]
[BlackElo "1683"]

1. d4 d5 2. Nc3 Nf6 3. e3 e6 4. Bd2 Bd6 5. g3 Nc6 6. Bg2 O-O 7. Nf3 Bd7 8. O-O
a6 9. a3 Ne4 10. b4 a5 11. b5 Na7 12. a4 c6 13. Qb1 Bb4 14. Nxe4 dxe4 15. Bxb4
axb4 16. Ne5 cxb5 17. Bxe4 Bc6 18. c4 bxc4 19. Bxh7+ Kh8 20. Nxc4 Qd5 21. Be4
Qxc4 22. Rc1 Qa6 23. a5 f5 24. Bd3 b5 25. Qxb4 Qc8 26. f3 Qd7 27. Kf2 Qd5 28. e4
fxe4 29. Be2 exf3 30. Bd3 e5 31. Rc5 Qd6 32. Re1 Bb7 33. Rexe5 Nc6 34. Rh5+ Kg8
35. Qb3+ Rf7 36. Rh4 Nxa5 37. Qb4 Nc6 38. Rch5 Rf6 39. Qxb5 Ba6 40. Qb3+ Kf8 41.
Bxa6 Rxa6 42. Rh8+ Ke7 43. Qb7+ Qd7 44. Qxa6 Nxd4 45. Re4+ Re6 46. Qa3+ Kf7 47.
Qf8+ Kg6 48. Rg4# 1-0

[Event "SCOTGAME"]
[Site "http://www.queenalice.com/game.php?id=943424"]
[Date "2011.5.28"]
[Round "-"]
[White "jamurtag"]
[Black "RAMIROCHE"]
[Result "0-1"]
[WhiteElo "1769"]
[BlackElo "1591"]

1. d4 Nf6 2. c4 d6 3. e3 g6 4. Be2 Bg7 5. Nf3 O-O 6. b3 Nbd7 7. Bd2 Re8 8. Qc2
e5 9. d5 Re7 10. e4 Qf8 11. Nc3 Nh5 12. g3 Nc5 13. b4 Nd7 14. Nb5 Ndf6 15. c5
Ne8 16. c6 b6 17. a4 f5 18. h3 fxe4 19. Qxe4 Bf5 20. Qc4 Bd3 21. Bxd3 Qxf3 22.
Be4 Qf7 23. O-O-O Nef6 24. Rhf1 h6 25. Qc2 g5 26. g4 Nf4 27. Bxf4 Nxe4 28. Qxe4
exf4 29. Qd3 Qf6 30. Rd2 Qa1+ 31. Qb1 Qxa4 32. Nd4 Qa3+ 33. Kd1 Qxh3 34. Rg1 Qh2
35. Nf3 Qh3 36. Rd3 a5 37. b5 Rae8 38. Qc2 Re4 39. Nxg5 Qxg4+ 40. Nf3 Qh5 41.
Kc1 Kf7 42. Qd1 Qf5 43. Nd4 Qxd5 44. Qb3 Qxb3 45. Nxb3 Rb4 46. Rf3 Be5 47. Rh1
Bg7 48. Kc2 Re2+ 49. Kd3 Ree4 50. Rh5 Re5 51. Nd4 Rxd4+ 52. Kxd4 Rxh5+ 53. Kc4
Rc5+ 54. Kd3 Be5 55. Ke4 Rxb5 56. Kf5 Rc5 57. Rxf4 Bxf4+ 58. Kxf4 a4 59. f3 a3
60. Kg4 a2 61. f4 a1=Q 62. Kh4 Qg1 63. f5 Rxf5 64. Kh3 Rh5# 0-1

[Event "Challenge"]
[Site "http://www.queenalice.com/game.php?id=948355"]
[Date "2011.6.10"]
[Round "-"]
[White "jamurtag"]
[Black "renet54"]
[Result "1-0"]
[WhiteElo "1759"]
[BlackElo "1597"]

1. d4 Nf6 2. c4 g6 3. Nf3 Bg7 4. e3 O-O 5. b4 d6 6. Bd3 Bg4 7. Bd2 c6 8. h3 Bxf3
9. Qxf3 Nbd7 10. Bc3 e5 11. b5 c5 12. Qxb7 exd4 13. Bd2 Re8 14. O-O Ne5 15. Be4
Nxe4 16. Qxe4 Nxc4 17. Qd3 d5 18. exd4 Bxd4 19. Bc3 Bxc3 20. Qxc3 Qd7 21. a4 Qd6
22. Nd2 Re5 23. Nf3 Re2 24. Rfe1 Rb2 25. Ne5 Nxe5 26. Qxb2 Nd3 27. Qc3 c4 28.
Re2 Qf4 29. a5 Nc5 30. a6 Ne4 31. Qd4 Re8 32. Qxa7 Kg7 33. Qd4+ Kh6 34. a7 c3
35. Qxd5 Rc8 36. Rxe4 Qc7 37. Rh4+ Kg7 38. Qd4+ f6 39. a8=Q c2 40. Qxc8 Qxc8 41.
Ra7+ Kg8 42. Qd5+ 1-0

[Event "Challenge"]
[Site "http://www.queenalice.com/game.php?id=951358"]
[Date "2011.6.18"]
[Round "-"]
[White "jamurtag"]
[Black "craig"]
[Result "0-1"]
[WhiteElo "1769"]
[BlackElo "1682"]

1. e4 e5 2. Bc4 d6 3. Nf3 Nf6 4. d4 exd4 5. Qxd4 Nc6 6. Bb5 Bd7 7. Qc4 a6 8. Ng5
Qe7 9. Nc3 axb5 10. Nxb5 Rc8 11. O-O h6 12. Nf3 Nxe4 13. Re1 f5 14. a4 Ne5 15.
Nxe5 dxe5 16. Be3 Be6 17. Qe2 c6 18. Na7 Rd8 19. c3 f4 20. Bxf4 exf4 21. Qxe4
Qf7 22. a5 Bc5 23. Nxc6 Rd2 24. Qa4 O-O 25. Ne5 Qf5 26. Kh1 Bxf2 27. Qb5 Bxe1
28. Rxe1 Bd5 29. Nf3 Qg4 30. Qxd5+ Rxd5 31. Nd4 Qh4 32. Nf3 Qd8 33. b4 Rd1 34.
Rg1 Rxg1+ 35. Nxg1 Qd1 36. h3 f3 37. gxf3 Rxf3 0-1

[Event "Challenge"]
[Site "http://www.queenalice.com/game.php?id=964839"]
[Date "2011.7.26"]
[Round "-"]
[White "jamurtag"]
[Black "FC"]
[Result "1-0"]
[WhiteElo "1746"]
[BlackElo "1604"]

1. d4 d5 2. e3 e6 3. Nf3 Nf6 4. Be2 Bb4+ 5. c3 Bd6 6. O-O O-O 7. b4 Nc6 8. Bd2
e5 9. b5 Ne7 10. dxe5 Bxe5 11. Nxe5 Ne4 12. c4 Nxd2 13. Nxd2 dxc4 14. Bxc4 Be6
15. Qc2 Bxc4 16. Ndxc4 Qd5 17. Rfd1 Qe6 18. f4 f5 19. Rd7 Rac8 20. Rad1 Rfd8 21.
Rxd8+ Rxd8 22. Rxd8# 1-0